Indian freedom struggle: the pathfinders from Surendranath Banerjea to Gandhi (Record no. 399881)

000 -LEADER
fixed length control field 00431cam a22001457a 4500
008 - FIXED-LENGTH DATA ELEMENTS--GENERAL INFORMATION
fixed length control field 180718b2002 xxu||||| |||| 00| 0 eng d
020 ## - INTERNATIONAL STANDARD BOOK NUMBER
International Standard Book Number 8173044422
082 ## - DEWEY DECIMAL CLASSIFICATION NUMBER
Classification number A6x54 K897
100 ## - MAIN ENTRY--PERSONAL NAME
Personal name Krishna, B.
245 ## - TITLE STATEMENT
Title Indian freedom struggle: the pathfinders from Surendranath Banerjea to Gandhi
Statement of responsibility, etc. by B. Krishna
260 ## - PUBLICATION, DISTRIBUTION, ETC.
Place of publication, distribution, etc. New Delhi
Name of publisher, distributor, etc. Manohar
Date of publication, distribution, etc. 2002
300 ## - PHYSICAL DESCRIPTION
Extent 232p.
650 ## - SUBJECT ADDED ENTRY--TOPICAL TERM
Topical term or geographic name entry element India - History
650 ## - SUBJECT ADDED ENTRY--TOPICAL TERM
Topical term or geographic name entry element Nationalism - India
Holdings
Withdrawn status Lost status Damaged status Not for loan Permanent Location Current Location Date acquired Full call number Barcode Date last seen Price effective from Koha item type
        Indian Institute of Public Administration Indian Institute of Public Administration 2002-09-20 A6x54 K897 77925 2018-07-21 2018-07-21 Book

Powered by Koha